Score 0/20 Timer 03:00
2 Plays Today
Hint Answer % Correct
SUZEZeus
96.3%
SAMRMars
95.1%
PUITEJRJupiter
93.5%
UEVNSVenus
92.5%
TULOPPluto
90.9%
JOUNJuno
88.3%
OOPLLAApollo
87.7%
EAHRHera
85.3%
YRRMEUCMercury
85%
POENSDIOPoseidon
84.5%
Hint Answer % Correct
HSDAEHades
83.5%
SAERAres
83.3%
ADIANDiana
67.3%
LACUNVVulcan
64.1%
EHMSERHermes
59.7%
RESECCeres
52.9%
UISDNSOYDionysus
39%
MARVENIMinerva
36%
ESITMARArtemis
29.7%
AIETHSHestia
21%

You're not logged in!

Compare scores with friends on all Sporcle quizzes.
OR
Log In

Sporcle TV

Today on Sporcle TV


Watch our educational content, quiz creation guides, and fun videos on Sporcle TV.

Show Comments

Extras

Top Quizzes Today


Score Distribution

Your Account Isn't Verified!

In order to create a playlist on Sporcle, you need to verify the email address you used during registration. Go to your Sporcle Settings to finish the process.

Report this User

Report this user for behavior that violates our Community Guidelines.

Details: